| 000 | 01444nam a2200325 a 4500 | ||
|---|---|---|---|
| 001 | 000037933 | ||
| 003 | DO-SdBNP | ||
| 005 | 20171011120344.0 | ||
| 007 | 000037933 | ||
| 008 | 130308s2008 dr a 000 0 spa d | ||
| 020 | _a9789945427332 | ||
| 040 |
_aBPMSU _bspa _cBPMSU |
||
| 082 | 4 |
_2 _a972.9304 _bP438a |
|
| 092 | _a | ||
| 100 | 1 | _aPérez Memén, Fernando | |
| 245 | 1 | 0 |
_aAnexión y restauración de la República : _b(ideas, mentalidades e instituciones) / _cFernando Pérez Memén ; edición a cargo de Héctor Luis Martínez. |
| 260 |
_aSanto Domingo : _bSecretaría de Estado de Cultura , _c2008. |
||
| 300 |
_a158 p. : _bil. ; _c22 cm. |
||
| 490 | 1 | _aMonumento | |
| 500 | _aIncluye referencias bibliográficas y notas al pie de las páginas | ||
| 504 | _aBibliografía: p.151-154 | ||
| 505 |
_tPresentación -- _tPrólogo -- _tDe la idea protectoralista a la anexionista -- _tAntecedente de la Anexión -- _tRestablecimiento de orden colonial -- _tEl fracaso de la Anexión -- _tSentido y valor de la guerra de la Restauración -- _tSantiago sede del gobierno de la Restauración -- _tLa ideología de la Restauración -- |
||
| 651 | 4 |
_aREPÚBLICA DOMINICANA _xHISTORIA _yRESTAURACIÓN, 1844-1930 |
|
| 700 | 1 | 2 |
_aMartínez, Héctor Luis _eed. |
| 830 | 0 | _aMonumento | |
| 910 | _aValidado. Control de calidad MFF | ||
| 942 |
_2ddc _cBK |
||
| 945 | _aInventariado / 2017 VM | ||
| 956 |
_aVMATEO _b10 _c20150824 _lBPMSU _h00151 |
||
| 999 |
_c8213 _d8213 |
||